00699nam a2200241 a 4500001001300000003000900013005001700022008004100039020001000080082001500090100001600105245002200121260005500143300000900198500003500207505001700242650003700259700001600296902000800312942000700320952011500327999001500442nice12345678IN_TiNIC20260116011847.0050524s1975 bana grp 000 0 eng  ac10000a220.6bLES aLesser, R H aBibleb Our Book. aBangalorebTheological Publications in Indiac1975 a119p aincludes index and biblioraphy2 abibliography aBible-Criticism & Interpretation1 aLesser, R H bSRS cBK 001040708StackRoom-aHMIbHMId2007-06-15g100.00l0o220.6 LESp07729r2007-06-15v100.00w2005-05-24yBK c4518d4518